Mummies from the 18th-19th century Dominican Church of Vác, Hungary

Elmentve itt :
Bibliográfiai részletek
Szerzők: Pap Ildikó
Susa Éva
Józsa László
Dokumentumtípus: Cikk
Megjelent: 1997
Sorozat:Acta biologica 42 No. 1-4
Kulcsszavak:Természettudomány, Biológia
Online Access:http://acta.bibl.u-szeged.hu/22263
LEADER 00697nab a2200205 i 4500
001 acta22263
005 20210526105350.0
008 161015s1997 hu o 0|| eng d
022 |a 0563-0592 
040 |a SZTE Egyetemi Kiadványok Repozitórium  |b hun 
041 |a eng 
100 1 |a Pap Ildikó 
245 1 0 |a Mummies from the 18th-19th century Dominican Church of Vác, Hungary  |h [elektronikus dokumentum] /  |c  Pap Ildikó 
260 |c 1997 
300 |a 107-112 
490 0 |a Acta biologica  |v 42 No. 1-4 
695 |a Természettudomány, Biológia 
700 0 1 |a Susa Éva  |e aut 
700 0 1 |a Józsa László  |e aut 
856 4 0 |u http://acta.bibl.u-szeged.hu/22263/1/biologica_042_107-112.pdf  |z Dokumentum-elérés